Countries with the Most National Parks - Statistics

General Stats
  • This quiz has been taken 62 times
  • The average score is 12 of 16
Answer Stats
Hint Answer % Correct
63 United States
100%
43 Canada
98%
40 Russia
98%
225 China
96%
68 Brazil
94%
103 India
91%
67 Mexico
91%
685 Australia
89%
50 Indonesia
81%
58 Colombia
74%
156 Thailand
74%
41 Turkey
60%
54 Philippines
55%
43 Venezuela
55%
69 Israel
17%
56 Belize
0%
No matching quizzes found
Score Distribution
Percent of People with Each Score
Percentile by Number Answered
Your Score History
You have not taken this quiz